Liedtext - Alkohol - Herbert Grönemeyer - Statistiken

Allgemein
  • Dieses Quiz wurde 329 mal gespielt
  • Das Durchschnittsergebnis liegt bei 148 aus 229
Antwortstatistiken
Textquiz % Korrekt
Alkohol
100%
ist
95%
der
93%
Der
93%
in
90%
Not
87%
und
83%
Und
83%
dein
80%
Rettungsboot
80%
das
79%
du
79%
Sanitäter
73%
die
68%
Die
68%
dem
67%
Ich
67%
auf
66%
mein
66%
Mein
66%
Fallschirm
64%
mit
61%
Wir
61%
nach
58%
hab'
57%
hab
57%
stehst
56%
für
55%
Kopf
55%
zum
54%
deinen
53%
Schiff
53%
wie
53%
untergehst
52%
haben
51%
Nacht
51%
Tag
51%
gemacht
48%
meine
48%
sie
48%
Drahtseil
47%
Kopfsalat
47%
es
46%
Was
46%
was
46%
Dressing
45%
um
44%
wieder
44%
los
39%
mir
37%
acht
35%
Frühstück
35%
wenn
35%
nehm'
34%
abends
33%
schwer
33%
passiert
32%
Blei
31%
bloß
31%
hier
31%
Nerven
31%
Gras
30%
massiert
30%
riecht's
29%
Schulklo
29%
wird
29%
Glas
27%
Gleichgewicht
27%
Knie
25%
Vierzigprozentiges
25%
zittern
25%
dunkel
24%
Gedanken
24%
Speed
24%
Valium
24%
greifen
23%
Licht
23%
nimmt
23%
Apotheker
22%
zäh
22%
fließen
20%
Kaugummi
20%
Kokain
19%
Sonnenaufgangs
19%
rotblauem
18%
vom
18%
Untergangsvision
17%
Explosion
15%
Graue
15%
Gelallte
14%
Schwüre
14%
träumt
13%
weicher
13%
Zellen
12%
Nobelscene
7%
Keine übereinstimmenden Quizze gefunden
Verteilung der Resultate
Anzahl Personen mit jedem Resultat
Perzentil nach korrekt beantworteten Fragen
Ihre Resultats-Entwicklung
Sie haben dieses Quiz noch nicht gespielt